| 000 | 01139cam a2200289 a 4500 | ||
|---|---|---|---|
| 999 |
_c26435 _d26435 |
||
| 001 | 707703 | ||
| 005 | 20170204114044.0 | ||
| 008 | 970327s1997 ctua 000 0 eng | ||
| 010 | _a 97010708 | ||
| 020 | _a0867130415 (hardcover : alk. paper) | ||
| 020 | _a0867130431 (clothbound : alk. paper) | ||
| 050 | 0 | 0 | _aND237.B643A4 1997 |
| 100 | 1 |
_aBlish, Carolyn, _d1928- |
|
| 245 | 1 | 0 |
_aDrawing closer : _bthe paintings and personal reflections of Carolyn Blish / _cwith Elise Maclay. |
| 260 |
_aShelton, Conn. : _bGreenwich Workshop Press, _cc1997. |
||
| 300 |
_a152 p. : _bill. (some col.) ; _c26 cm. |
||
| 600 | 1 | 0 |
_aBlish, Carolyn, _d1928- _xThemes, motives. |
| 600 | 1 | 0 |
_aBlish, Carolyn, _d1928- _xPsychology. |
| 700 | 1 | _aMaclay, Elise. | |
| 942 |
_2lcc _cBOOKS |
||